01522nam a2200361 a 4500001001000000003000500010005001700015008004100032010001100073011001100084040000900095090001000104100003400114245014200148260004100290500006000331502010900391590004100500590004000541590004000581590004000621650002200661650003300683650003400716650002200750856007000772901000700842942001000849942000600859999001900865952013600884952014001020000111964CHAP20220329144239.0151111s2015 mx a fsm |||||||spa d a108425 a109397 cCHAP aTesis1 aMatus Osorio, Gelacia912998510aIdentificación morfológica de la cenicilla del sauco (Sambucus mexicana) en Oaxaca, Méxicoh[En línea]cpor Gelacia Matus Osorio. aChapingo, Méx. :bEl autor,c2015. aPara ver el contenido del material haga clic en la liga aTesis (Ing. Agr. Esp. en Parasitología Agrícola) -- UACH. Departamento de Parasitología Agrícola aE11695DGDb10c20151114lUCH01h1009 aE5995AHEb05c20151111lUCH01h1118 aE5995AHEb05c20151111lUCH01h1119 aE5995AHEb05c20151113lUCH01h073814aCenicilla.92096414aMorfología vegetal.97877214aPlantasxEnfermedades.98882814aSambucus.9101905 aFinding aiduhttp://10.13.5.2/tesis/sist111964.pdfzTeclea aquí aBK cTESIS n0 c108425d108425 00104054718TESISaBCbBCd2015-11-11fTESISl0oTesisp33724002510918r2019-12-31 00:00:00w2019-12-31yTESISzRecien adquirido 00102local4053708TESISaBCbBCcPA_TESISd2015-11-11fTESISl0oTesisp33724002510959r2019-12-31 00:00:00tc.2w2019-12-31yTESIS